000
00274nam a2200109Ia 4500
008
220216s9999 xx 000 0 und d
245
0
_a
Pilot crumb rubber factory
260
_b
Rubber Board Bulletin
_c
1981
300
_a
12-Nov
650
_a
Crumb rubber factory
942
_c
JS
999
_c
65041
_d
65041